000 02002nam a2200229 4500
001 ESSALUD
007 ta
008 t2026 pe ||||| |||| 00| 0 spa d
040 _aBMG
041 _aspa
100 _aOrellana Vicuña, Arturo
_eautor
_952700
245 _aEsofaguectomía toracolaparoscópica para cáncer de esófago: serie de casos y resultados perioperatorios en un Hospital Nacional del Perú (2022–2026)
300 _apáginas 39-45
520 _aLa esofaguectomía toracolaparoscópica es una técnica mínimamente invasiva para el cáncer de esófago, asociada a menor morbilidad y adecuada radicalidad oncológica y es piedra angular del tratamiento multimodal con intención curativa. El objetivo del estudio fue evaluar resultados iniciales de pacientes sometidos a esofaguectomía toracolaparoscópica en un hospital nacional del Perú. Serie de casos con seguimiento de 30–60 días. Se incluyeron pacientes con cáncer de esófago resecable sometidos a abordaje toracoscópico, laparoscópico y cervicotomía con linfadenectomía de dos campos (2022–2026). Se incluyeron 11 pacientes (54,5% mujeres), edad media 61,9 años. El tiempo operatorio medio fue 371,5 min y la pérdida sanguínea 108,8 ml. No hubo complicaciones intraoperatorias. Las principales complicaciones posoperatorias fueron neumonía (45,5%) y fuga anastomótica (36,4%). La estancia hospitalaria media fue 61,4 días. No hubo mortalidad en periodo seguimiento. La esofaguectomía toracolaparoscópica es factible y segura en un hospital de referencia, con resultados perioperatorios aceptables y nula mortalidad a corto plazo.
650 _aNEOPLASIAS ESOFÁGICAS
_912589
650 _aCARCINOMA DE CÉLULAS ESCAMOSAS DE ESÓFAGO
_952701
650 _aESOFAGECTOMÍA
_952702
650 _aSEGURIDAD SOCIAL
_92070
650 _aPERÚ
_913
773 0 _022497
_922595
_dLima : IETSI
_oCITES01
_tCiencia y Tecnología aplicada a la Salud Pública
_wESSALUD
_x3119-7981
942 _cARTICULOS
_e2026-06-11
_zAFC
999 _c22521
_d22521